[Event "98th ch-GBR"]
[Site "Sheffield ENG"]
[Date "2011.07.25"]
[Round "1"]
[White "Eggleston,D"]
[Black "Short,N"]
[Result "0-1"]
[WhiteElo "2318"]
[BlackElo "2687"]
[EventDate "2011.07.25"]

1. e4 c6 2. d4 d5 3. Nd2 dxe4 4. Nxe4 Nf6 5. Nxf6+ gxf6 6. c3 h5 7. Bc4 Nd7
8. Ne2 Nb6 9. Bb3 Bf5 10. Nf4 Qd7 11. h3 h4 12. Qf3 O-O-O 13. Be3 e5 14.
Nh5 e4 15. Qe2 Qe7 16. O-O-O Nd5 17. Nf4 Nxe3 18. fxe3 Kb8 19. Rhf1 Bc8 20.
Kb1 f5 21. a3 Bh6 22. Qd2 Rhg8 23. Rf2 Be6 24. c4 c5 25. Nxe6 fxe6 26. d5
Rg3 27. Re2 f4 28. d6 Qf8 29. d7 Rxe3 30. Bc2 Rxe2 31. Qxe2 e3 32. Qh5 Bg7
33. Be4 Qf6 34. Qe2 Kc7 35. Qc2 Qe5 36. Bf3 Rxd7 37. Rxd7+ Kxd7 38. Qa4+
Ke7 39. Qc2 b6 40. Qe2 Qd4 41. Kc1 Kd6 42. Qc2 Kc7 43. a4 a6 44. Kb1 b5 45.
axb5 axb5 46. cxb5 Qb4 47. Be2 Kb6 48. Kc1 Bd4 49. Kb1 c4 50. Kc1 Ka5 51.
Kb1 Kxb5 52. b3 Qe1+ 53. Bd1 cxb3 54. Qxb3+ Kc5 55. Qa3+ Kd5 56. Qb3+ Ke5
57. Qb8+ Kf5 58. Qf8+ Bf6 59. Qc5+ Kg6 60. Qc2+ Kh6 61. Qe2 Qb4+ 62. Ka2
Qa5+ 63. Kb3 Qd5+ 64. Kc2 Qa2+ 65. Kd3 Qa6+ 66. Kc2 Qa4+ 67. Kd3 Qd4+ 68.
Kc2 f3 69. Qxf3 Qc3+ 70. Kb1 Qb2+ 0-1

[Event "98th ch-GBR"]
[Site "Sheffield ENG"]
[Date "2011.07.25"]
[Round "1"]
[White "Howell,D"]
[Black "Beaumont,C"]
[Result "1-0"]
[WhiteElo "2625"]
[BlackElo "2313"]
[EventDate "2011.07.25"]

1. e4 c5 2. Nf3 g6 3. c3 Bg7 4. d4 cxd4 5. cxd4 d5 6. e5 Nh6 7. h3 Nc6 8.
Nc3 O-O 9. Bb5 Bf5 10. O-O Qb6 11. Be3 Be4 12. Ng5 Nf5 13. Bxc6 Qxc6 14.
Bf4 Qc4 15. Ngxe4 dxe4 16. d5 Qc7 17. g4 Nh4 18. Nxe4 f5 19. Rc1 Qb6 20.
Bg5 fxe4 21. Bxh4 Bxe5 22. Bxe7 Rf3 23. d6 Rg3+ 24. Kh1 Rxh3+ 25. Kg2 Rd3
26. Qe2 Qd4 27. Rfd1 Qd5 28. Rxd3 exd3+ 29. Qf3 Qxf3+ 30. Kxf3 Kf7 31. Rd1
Bxb2 32. Rxd3 Bf6 33. Bxf6 Kxf6 34. Ke4 Ke6 35. f4 Rd8 36. f5+ gxf5+ 37.
gxf5+ Kd7 38. Ke5 Re8+ 39. Kf6 Rf8+ 40. Kg5 Rg8+ 41. Kh6 Rf8 42. Rf3 Rf7
43. f6 Kxd6 44. Kg5 b5 45. Kf5 a5 46. Re3 Rb7 47. Re6+ Kc5 48. Re7 Rb8 49.
f7 Rf8 50. Kf6 a4 51. Kg7 Rxf7+ 52. Rxf7 b4 53. Rf4 1-0

[Event "98th ch-GBR"]
[Site "Sheffield ENG"]
[Date "2011.07.25"]
[Round "1"]
[White "Pert,N"]
[Black "Griffiths,R"]
[Result "1/2-1/2"]
[WhiteElo "2555"]
[BlackElo "2301"]
[EventDate "2011.07.25"]

1. d4 Nf6 2. Nf3 g6 3. c4 Bg7 4. g3 c6 5. Bg2 d5 6. b3 O-O 7. O-O dxc4 8.
bxc4 c5 9. Bb2 Qb6 10. Qb3 Ne4 11. e3 Nc6 12. Ne5 Nd6 13. dxc5 Qxc5 14.
Nxc6 bxc6 15. Bxg7 Kxg7 16. Nd2 Be6 17. Qc3+ Kg8 18. Rfc1 Rab8 19. Nb3 Qxc4
20. Qe5 Qb5 21. Rc5 Qb4 22. Rxc6 Rb5 23. Qc3 Bxb3 24. axb3 Qxb3 25. Qxb3
Rxb3 26. Rc7 e6 27. Rcxa7 Rfb8 1/2-1/2

[Event "98th ch-GBR"]
[Site "Sheffield ENG"]
[Date "2011.07.25"]
[Round "1"]
[White "Hebden,M"]
[Black "Rudd,J"]
[Result "1-0"]
[WhiteElo "2533"]
[BlackElo "2278"]
[EventDate "2011.07.25"]

1. d4 Nf6 2. Nf3 e6 3. c3 b6 4. Bg5 Bb7 5. Nbd2 Be7 6. e3 O-O 7. Bd3 d6 8.
Qe2 a6 9. e4 Nbd7 10. O-O Re8 11. Rad1 Nf8 12. Rfe1 Ng6 13. Bb1 Ng4 14.
Bxe7 Qxe7 15. h3 Nf6 16. e5 Nd5 17. Bxg6 hxg6 18. Qe4 Rab8 19. Qg4 Qd7 20.
Ng5 f6 21. exf6 Nxf6 22. Qh4 Qb5 23. b3 Qa5 24. c4 e5 25. d5 Re7 26. Nde4
Qxa2 27. Re3 Bc8 28. g4 Bd7 29. Nxf6+ gxf6 30. Ne4 Rf7 31. Qh6 Qc2 32. Rde1
Rbf8 33. Rc3 Qb2 34. Rf3 Rh7 35. Qxg6+ Kh8 36. Nxf6 Rh4 37. Nh5 Rg8 38.
Qh6+ 1-0

[Event "98th ch-GBR"]
[Site "Sheffield ENG"]
[Date "2011.07.25"]
[Round "1"]
[White "Lalic,S"]
[Black "Williams,Si1"]
[Result "1-0"]
[WhiteElo "2277"]
[BlackElo "2528"]
[EventDate "2011.07.25"]

1. e4 e6 2. d4 d5 3. Nc3 Nf6 4. Bg5 Be7 5. e5 Nfd7 6. h4 c5 7. Bxe7 Kxe7 8.
Nf3 Nc6 9. Qd2 cxd4 10. Nxd4 Qb6 11. Nxc6+ bxc6 12. O-O-O h6 13. f4 Rb8 14.
b3 Nc5 15. Rh3 Rd8 16. Qd4 Qa5 17. h5 Rb4 18. Qf2 d4 19. Qh4+ Ke8 20. Nb1
Qxa2 21. Rg3 Rd5 22. Bc4 d3 23. Rdxd3 Nxd3+ 24. Bxd3 Rxb3 25. cxb3 Qf2 26.
Qg4 a5 27. Qxg7 Qxf4+ 28. Kb2 Rxe5 29. Qg8+ Kd7 30. Rf3 Qd4+ 31. Nc3 f5 32.
Rg3 Kc7 33. Bc2 Qf4 34. Rg7+ Bd7 35. Qa8 Qd4 36. Rg8 Rb5 37. Qd8+ Kd6 38.
Qf8+ Kc7 39. Qg7 Re5 40. Qf6 Rd5 41. Qd8+ Kd6 42. Qf8+ Ke5 43. Qxh6 1-0

[Event "98th ch-GBR"]
[Site "Sheffield ENG"]
[Date "2011.07.25"]
[Round "1"]
[White "Conquest,S"]
[Black "Ledger,D"]
[Result "1-0"]
[WhiteElo "2519"]
[BlackElo "2277"]
[EventDate "2011.07.25"]

1. d4 Nf6 2. c4 g6 3. g3 Bg7 4. Bg2 O-O 5. Nc3 d6 6. Nf3 c6 7. O-O Qa5 8.
Re1 Be6 9. Nd2 Qh5 10. b3 d5 11. Ba3 Ng4 12. Nf3 dxc4 13. Bxe7 Re8 14. Ba3
Qa5 15. Qc1 Na6 16. Ne4 cxb3 17. axb3 Qb6 18. e3 Nf6 19. Nd6 Red8 20. Ng5
Nb4 21. Nc4 Qb5 22. Nxe6 fxe6 23. Qb1 a5 24. Bh3 c5 25. Bxe6+ Kh8 26. Ne5
Rf8 27. Bxb4 Qxb4 28. Nd3 Qb5 29. Nxc5 Rae8 30. Bh3 b6 31. Bf1 Qc6 32. Bg2
Qc8 33. Nd3 Ne4 34. b4 Qf5 35. Bxe4 Rxe4 36. bxa5 bxa5 37. Ra2 Ree8 38. Nf4
Qg4 39. Qd1 Qg5 40. Qd2 Rf5 41. Rea1 Qg4 42. Kg2 1-0

[Event "98th ch-GBR"]
[Site "Sheffield ENG"]
[Date "2011.07.25"]
[Round "1"]
[White "Chapman,T"]
[Black "Gormally,D"]
[Result "0-1"]
[WhiteElo "2242"]
[BlackElo "2519"]
[EventDate "2011.07.25"]

1. Nf3 Nf6 2. c4 c5 3. d4 cxd4 4. Nxd4 b6 5. Nc3 Bb7 6. f3 d6 7. e4 e6 8.
Be2 Be7 9. O-O O-O 10. Be3 Nbd7 11. Qd2 a6 12. a4 Rc8 13. a5 bxa5 14. Nb3
Qc7 15. Nxa5 Ba8 16. Rfd1 Rfd8 17. Kh1 Ne5 18. Na4 Rb8 19. Qc3 Nc6 20. Nxc6
Bxc6 21. c5 d5 22. e5 Nd7 23. Nb6 Nxc5 24. b4 Nd7 25. Nxd7 Qxd7 26. Rxa6
Ba4 27. Rb1 Rdc8 28. Qa3 Bc2 29. Ra7 Qd8 30. Rb2 d4 31. Bd2 d3 32. Bxd3
Bxd3 33. Rxe7 Qxe7 34. Qxd3 Rxb4 35. Qa3 Rbc4 36. Qe3 Qc5 37. h3 h6 38. Rb7
Qd5 39. Rb1 Rc2 0-1

[Event "98th ch-GBR"]
[Site "Sheffield ENG"]
[Date "2011.07.25"]
[Round "1"]
[White "Hawkins,Jo"]
[Black "Birtwistle,N"]
[Result "1-0"]
[WhiteElo "2457"]
[BlackElo "2214"]
[EventDate "2011.07.25"]

1. Nf3 g6 2. c4 c5 3. Nc3 Bg7 4. g3 Nc6 5. Bg2 b6 6. O-O Bb7 7. b3 Nf6 8.
Bb2 O-O 9. d4 cxd4 10. Nxd4 Qc8 11. Nc2 Na5 12. Nd5 Nxd5 13. Bxg7 Kxg7 14.
Bxd5 Bxd5 15. Qxd5 Qc6 16. Qe5+ Qf6 17. Qxf6+ Kxf6 18. e4 Kg7 19. Ne3 Nc6
20. Rad1 Rad8 21. f4 d6 22. Rd2 f5 23. exf5 gxf5 24. Rfd1 Kg6 25. Ng2 Rf6
26. Nh4+ Kg7 27. Rd5 Rdf8 28. a3 Nb8 29. Re1 R8f7 30. Nf3 h6 31. Nd4 Kf8
32. Re6 Rxe6 33. Nxe6+ Kg8 34. Nd4 Nd7 35. Nxf5 Kh7 36. Ne3 Nc5 37. b4 Ne4
38. Kg2 Kg6 39. Rd4 Nf6 40. g4 Rf8 41. h4 Rc8 42. Kf3 a5 43. Nf5 Rc7 44.
h5+ Kh7 45. Rd3 axb4 46. axb4 Rxc4 47. Nxe7 Rxb4 48. Nd5 Nxd5 49. Rxd5 b5
50. Rxd6 Rc4 51. Rd7+ Kg8 52. g5 hxg5 53. fxg5 b4 54. h6 Rc6 55. Rb7 b3 56.
Kg4 Rc3 57. h7+ Kh8 58. g6 Rc8 59. Kg5 1-0

[Event "98th ch-GBR"]
[Site "Sheffield ENG"]
[Date "2011.07.25"]
[Round "1"]
[White "Adair,J"]
[Black "Palliser,R"]
[Result "1-0"]
[WhiteElo "2212"]
[BlackElo "2454"]
[EventDate "2011.07.25"]

1. e4 c5 2. Nf3 e6 3. d4 cxd4 4. Nxd4 a6 5. Bd3 Bc5 6. Nb3 Ba7 7. Qg4 Nf6
8. Qg3 d6 9. Nc3 Nc6 10. Bg5 h6 11. Bd2 e5 12. O-O-O Nh5 13. Qf3 Nf6 14.
Qg3 Nh5 15. Qf3 Nf6 16. h3 Be6 17. Nd5 Nd7 18. Qg3 g6 19. f4 exf4 20. Nxf4
Nde5 21. Bc3 b5 22. Na5 Nd4 23. Ne2 Nxe2+ 24. Bxe2 Qc7 25. Nb7 Qxb7 26.
Rxd6 Qxe4 27. Bxe5 Bf2 28. Qf3 Qxe5 29. Rxe6+ Qxe6 30. Qxa8+ Ke7 31. Qxh8
Qxe2 32. Qc3 Kf8 33. Qf3 Be3+ 34. Kb1 Qxf3 35. gxf3 Kg7 36. Re1 Bc5 37. c3
Kf6 38. Kc2 Kf5 39. Re4 1-0

[Event "98th ch-GBR"]
[Site "Sheffield ENG"]
[Date "2011.07.25"]
[Round "1"]
[White "Zhou,Y"]
[Black "Khandelwal,A"]
[Result "0-1"]
[WhiteElo "2444"]
[BlackElo "2211"]
[EventDate "2011.07.25"]

1. e4 e5 2. Nf3 Nc6 3. d4 exd4 4. Nxd4 Nge7 5. Nc3 Nxd4 6. Qxd4 Nc6 7. Qe3
Bb4 8. Bd2 O-O 9. O-O-O d6 10. Nd5 Bxd2+ 11. Rxd2 Be6 12. f4 Bxd5 13. exd5
Re8 14. Qf2 Ne7 15. f5 f6 16. Bb5 c6 17. dxc6 bxc6 18. Ba4 d5 19. Re1 Qb6
20. Re6 Kf7 21. Bxc6 Nxc6 22. Qxb6 axb6 23. Rxc6 Rxa2 24. Rxd5 Ra1+ 25. Kd2
Rae1 26. Kc3 R1e2 27. Rd2 R8e3+ 28. Rd3 Re7 29. Rd2 R7e3+ 30. Rd3 Re7 31.
Rg3 g5 32. Kb3 h5 33. Rxb6 h4 34. Rg4 R2e5 35. c4 Rxf5 36. Kc3 Re2 37. b4
Rff2 38. b5 Rc2+ 39. Kb4 Rb2+ 40. Kc5 Rxg2 41. Rxg2 Rxg2 42. Rd6 Rxh2 43.
Rd1 Rb2 44. Rh1 Kg6 45. Kd4 Rb3 46. Kc5 Kh5 47. Kb6 g4 48. c5 g3 49. c6 Rc3
50. Kc7 g2 51. Rb1 h3 52. b6 h2 53. b7 h1=Q 54. b8=Q Qh2+ 55. Kd7 Qh3+ 56.
Ke7 Re3+ 57. Kf8 Kg6 0-1

[Event "98th ch-GBR"]
[Site "Sheffield ENG"]
[Date "2011.07.25"]
[Round "1"]
[White "Ledger,A"]
[Black "Nelson,Jo"]
[Result "1-0"]
[WhiteElo "2435"]
[BlackElo "2204"]
[EventDate "2011.07.25"]

1. d4 Nf6 2. Nf3 d6 3. c4 g6 4. Nc3 Bg7 5. g3 O-O 6. Bg2 Nc6 7. O-O a6 8.
b3 Rb8 9. Nd5 e6 10. Nxf6+ Bxf6 11. Bh6 Re8 12. Rc1 e5 13. d5 Ne7 14. e4
Kh8 15. c5 Ng8 16. Be3 Bd7 17. Nd2 Bg7 18. Nc4 Bb5 19. cxd6 cxd6 20. Bh3
Rf8 21. a4 Bxc4 22. Rxc4 f5 23. f3 b5 24. axb5 Rxb5 25. Qc2 Qb8 26. Rb1 Nf6
27. Bg5 fxe4 28. fxe4 Nd7 29. Be3 Nc5 30. Bxc5 dxc5 31. Kh1 Qb6 32. Bf1 Rb8
33. Rc3 Ra5 34. Rf3 Ra3 35. Bc4 Qa5 36. Kg2 Ra2 37. Rb2 Rxb2 38. Qxb2 Qe1
39. Qc2 a5 40. d6 Rd8 41. Qd3 g5 42. d7 Qa1 43. Qd5 g4 44. Rf8+ Rxf8 45.
d8=Q 1-0

[Event "98th ch-GBR"]
[Site "Sheffield ENG"]
[Date "2011.07.25"]
[Round "1"]
[White "Britton,R"]
[Black "Houska,Jo"]
[Result "1-0"]
[WhiteElo "2203"]
[BlackElo "2418"]
[EventDate "2011.07.25"]

1. e4 c6 2. d4 d5 3. Nc3 dxe4 4. Nxe4 Bf5 5. Ng3 Bg6 6. h4 h6 7. Nf3 Nd7 8.
h5 Bh7 9. Bd3 Bxd3 10. Qxd3 e6 11. Bf4 Qa5+ 12. Bd2 Bb4 13. c3 Be7 14. c4
Qc7 15. O-O-O Ngf6 16. Kb1 O-O 17. Rde1 a5 18. Ne5 Nxe5 19. dxe5 Rfd8 20.
Qe2 Nd7 21. f4 a4 22. Be3 a3 23. b3 f5 24. exf6 Nxf6 25. Bc1 Bb4 26. Qxe6+
Kh8 27. Rd1 Re8 28. Qf5 Re7 29. Qg6 Rae8 30. Nf5 Re2 31. Nd4 Rf2 32. Nc2
Bd6 33. Rhf1 Ree2 34. Rxf2 Rxf2 35. Be3 Re2 36. Qd3 Rxe3 37. Qxe3 Bxf4 38.
Qe6 Qa5 39. g4 Kh7 40. Nxa3 Qg5 41. Qc8 Qe5 42. Qf5+ Qxf5+ 43. gxf5 Nxh5
44. Rd7 Nf6 45. Rxb7 h5 46. Nc2 h4 47. Ne1 h3 48. Nf3 h2 49. Nxh2 Bxh2 50.
a4 Ne4 51. Kc2 Nd6 52. Rd7 Nxf5 53. a5 Bg1 54. b4 Nd4+ 55. Kd3 Nf3 56. Ke4
Ng5+ 57. Kf5 Nf3 58. a6 Nh4+ 59. Ke4 1-0

[Event "98th ch-GBR"]
[Site "Sheffield ENG"]
[Date "2011.07.25"]
[Round "1"]
[White "Holland,J"]
[Black "Ansell,S"]
[Result "1/2-1/2"]
[WhiteElo "2196"]
[BlackElo "2410"]
[EventDate "2011.07.25"]

1. d4 d5 2. Nf3 Nf6 3. c4 c6 4. e3 e6 5. b3 Nbd7 6. Bb2 Be7 7. Bd3 b6 8.
O-O Bb7 9. Nc3 O-O 10. Qc2 h6 11. e4 dxe4 12. Nxe4 Qc7 13. Ne5 Rad8 14.
Rad1 c5 15. Nxd7 Nxd7 16. dxc5 bxc5 17. f4 Bxe4 18. Bxe4 Bf6 19. Bc1 Bd4+
20. Kh1 Nf6 21. Bf3 Rfe8 22. g4 Nh7 23. Be4 Nf8 24. Qg2 Bc3 25. Be3 Rxd1
26. Rxd1 Bd4 27. Bc1 Rd8 28. Qf3 Qe7 29. Kg2 Qf6 30. g5 hxg5 31. fxg5 Qxf3+
32. Kxf3 f5 33. gxf6 gxf6 34. Be3 f5 35. Bc2 a5 36. a3 Ng6 37. b4 axb4 38.
axb4 Ne5+ 39. Kf4 Bxe3+ 40. Kxe3 Rxd1 41. Bxd1 cxb4 1/2-1/2

[Event "98th ch-GBR"]
[Site "Sheffield ENG"]
[Date "2011.07.25"]
[Round "1"]
[White "Rendle,T"]
[Black "Burnett,J"]
[Result "1-0"]
[WhiteElo "2386"]
[BlackElo "2191"]
[EventDate "2011.07.25"]

1. f4 d5 2. Nf3 g6 3. g3 Bg7 4. Bg2 Nf6 5. O-O O-O 6. d3 Nc6 7. c3 Re8 8.
Na3 a6 9. Nc2 e5 10. fxe5 Nxe5 11. Nxe5 Rxe5 12. Bf4 Re8 13. Qd2 Bg4 14.
Rae1 Nh5 15. Bg5 Qd7 16. Ne3 Be6 17. Bf3 Nf6 18. Ng2 c6 19. Nf4 Bf5 20. Ng2
Ng4 21. h3 Ne5 22. g4 Nxf3+ 23. Rxf3 Be6 24. Bh6 d4 25. Bxg7 Kxg7 26. Qf4
dxc3 27. bxc3 Qe7 28. e4 Bxa2 29. c4 b5 30. Qd2 Qc5+ 31. Kh1 Bxc4 32. Qc3+
Qe5 33. Qxe5+ Rxe5 34. dxc4 Rae8 35. cxb5 cxb5 36. Ra3 Rxe4 37. Rxe4 Rxe4
38. Rxa6 Re5 39. Nf4 h5 40. gxh5 gxh5 41. Kg2 Rg5+ 42. Kf3 h4 43. Ke4 Rc5
44. Rb6 Rg5 45. Rd6 Rc5 46. Rd5 Rc4+ 47. Kf5 b4 48. Rb5 Rd4 49. Rb8 Rc4 50.
Nh5+ Kh7 51. Kg5 f6+ 52. Nxf6+ Kg7 53. Rb7+ 1-0

[Event "98th ch-GBR"]
[Site "Sheffield ENG"]
[Date "2011.07.25"]
[Round "1"]
[White "O'Toole,G"]
[Black "Buckley,G"]
[Result "0-1"]
[WhiteElo "2185"]
[BlackElo "2380"]
[EventDate "2011.07.25"]

1. e4 c5 2. c3 e6 3. d4 d5 4. e5 Nc6 5. Nf3 Bd7 6. Be2 Nge7 7. Na3 cxd4 8.
cxd4 Nf5 9. Nc2 Qb6 10. h4 f6 11. g4 Nfe7 12. h5 Nd8 13. Qd3 a6 14. a4 Nf7
15. exf6 gxf6 16. Kf1 Nc6 17. Kg2 Na5 18. Bf4 Bd6 19. Bxd6 Qxd6 20. Ne3 Rc8
21. Nd2 O-O 22. Nb3 Nxb3 23. Qxb3 Bc6 24. Nf1 Ng5 25. Ng3 f5 26. f3 f4 27.
Nf1 e5 28. dxe5 Qxe5 29. Bd3 Kh8 30. Nh2 d4 31. Rhe1 Qg7 32. Kf2 Rce8 33.
Rxe8 Rxe8 34. Rc1 Qe5 35. Bc4 Qe3+ 36. Qxe3 fxe3+ 37. Ke2 Nh3 38. Re1 Nf4+
39. Kd1 d3 40. b3 b5 0-1

[Event "98th ch-GBR"]
[Site "Sheffield ENG"]
[Date "2011.07.25"]
[Round "1"]
[White "Bates,Ri"]
[Black "Arnott,J"]
[Result "1-0"]
[WhiteElo "2373"]
[BlackElo "2188"]
[EventDate "2011.07.25"]

1. d4 d5 2. c4 c6 3. Nf3 Nf6 4. Qb3 dxc4 5. Qxc4 Bf5 6. g3 Nbd7 7. Bg2 e6
8. O-O Be7 9. e3 O-O 10. Qe2 Ne4 11. Nc3 Nxc3 12. bxc3 Be4 13. Rd1 Qa5 14.
c4 Nf6 15. Bf1 Qh5 16. Ne5 Qxe2 17. Bxe2 Bc2 18. Rd2 Ba4 19. Rb2 b6 20. Bf3
Rac8 21. c5 Nd5 22. e4 Nc3 23. cxb6 c5 24. bxa7 cxd4 25. Rb7 Bd6 26. Nd7
Bc6 27. Rb6 Rfd8 28. Rxc6 Rxc6 29. e5 Ra6 30. a8=Q Raxa8 31. Bxa8 Bb4 32.
Bc6 d3 33. Kf1 Rc8 34. Bf3 Rd8 35. Bc6 Rc8 36. Bf3 Rd8 37. a3 Be7 38. Bd2
Nb5 39. Nb6 Nxa3 40. Bc1 Nc2 41. Ra8 Nd4 42. Be4 Nb3 43. Be3 Rxa8 44. Nxa8
1-0

[Event "98th ch-GBR"]
[Site "Sheffield ENG"]
[Date "2011.07.25"]
[Round "1"]
[White "Coates,D"]
[Black "Sreeves,C"]
[Result "0-1"]
[WhiteElo "2080"]
[BlackElo "2169"]
[EventDate "2011.07.25"]

1. d4 Nf6 2. c4 g6 3. Nc3 Bg7 4. e4 d6 5. Nf3 O-O 6. Be2 e5 7. O-O Nc6 8.
d5 Ne7 9. b4 c6 10. a4 a5 11. Ba3 axb4 12. Bxb4 c5 13. Ba3 Nh5 14. Re1 Nf4
15. Bf1 h6 16. Nd2 g5 17. Bb2 g4 18. Nb5 h5 19. Re3 f5 20. Rea3 h4 21. Qe1
Neg6 22. exf5 Bxf5 23. Ne4 Bxe4 24. Qxe4 Qf6 25. Qe1 Rad8 26. Nc3 e4 27.
Nd1 Ne5 28. Qxe4 Rde8 29. Qc2 Qg5 30. Ne3 g3 31. fxg3 hxg3 32. h3 Nxh3+ 33.
gxh3 Rf2 0-1

[Event "98th ch-GBR"]
[Site "Sheffield ENG"]
[Date "2011.07.25"]
[Round "1"]
[White "Haria,R"]
[Black "Jackson,J"]
[Result "0-1"]
[WhiteElo "2073"]
[BlackElo "2157"]
[EventDate "2011.07.25"]

1. e4 c5 2. Nf3 Nc6 3. Bb5 Na5 4. c3 a6 5. Ba4 b5 6. Bc2 Bb7 7. O-O e6 8.
d4 cxd4 9. cxd4 Nf6 10. Nbd2 Be7 11. a4 b4 12. b3 Rc8 13. Bb2 Qc7 14. Rc1
Qb8 15. Qe2 O-O 16. Nc4 Nxc4 17. bxc4 a5 18. d5 Ba6 19. Bd3 exd5 20. cxd5
Bxd3 21. Qxd3 Rxc1 22. Rxc1 Rc8 23. Rc4 Ne8 24. e5 Bd8 25. e6 Rxc4 26. Qxc4
dxe6 27. dxe6 Qc7 28. Qe2 Qe7 29. exf7+ Qxf7 30. Ne5 Qe6 31. Qc4 Nc7 32.
Qc2 Nd5 33. Qc5 Bb6 34. Qb5 Bc7 35. Qe2 Nf4 36. Qe4 Qd5 37. Qxd5+ Nxd5 38.
Nc4 Nf4 39. g3 Ne6 40. Bc1 Nc5 41. Nb2 Be5 42. Nc4 Bc3 43. Be3 Nxa4 44.
Nxa5 Kf7 45. Kf1 Ke6 46. Ke2 Kd5 47. Kd3 Nb2+ 48. Kc2 Nc4 49. Nxc4 Kxc4 50.
h4 b3+ 51. Kb1 Kd3 52. h5 Ke4 53. Bc5 Kf3 54. Kc1 Kg4 55. h6 g6 56. Bf8 Kf3
57. Bg7 Be1 58. Kb2 Bxf2 59. Kxb3 Bxg3 60. Kc4 Kg4 61. Kd5 Kh5 0-1

[Event "98th ch-GBR"]
[Site "Sheffield ENG"]
[Date "2011.07.25"]
[Round "1"]
[White "Jones,V"]
[Black "Weaving,Richard"]
[Result "1-0"]
[WhiteElo "2153"]
[BlackElo "2070"]
[EventDate "2011.07.25"]

1. e4 e5 2. f4 Bc5 3. Nf3 d6 4. c3 Bb6 5. d4 exd4 6. cxd4 Bg4 7. Bb5+ c6 8.
Be2 Nf6 9. Nc3 O-O 10. h3 Bxf3 11. Bxf3 d5 12. e5 Ne4 13. Bxe4 dxe4 14. Be3
Qh4+ 15. Ke2 f5 16. exf6 Qxf6 17. Nxe4 Qe7 18. Ng5 Na6 19. Qb3+ Kh8 20. Qe6
Rae8 21. Qxe7 Rxe7 22. f5 h6 23. Nf3 Rfe8 24. Ne5 Rxe5 25. dxe5 Rxe5 26.
Rhe1 Rxe3+ 27. Kf1 Nb4 28. Rxe3 Bxe3 29. Re1 Nd5 30. Ke2 Kg8 31. Kf3 Bd4
32. Re8+ Kf7 33. Rb8 b5 34. b3 b4 35. Rc8 Ne7 36. Rc7 Bb6 37. Rd7 Ke8 38.
Rb7 Kd8 39. g4 Bc5 40. Rb8+ Kc7 41. Rf8 Bd4 42. Ke4 Bf6 43. Rf7 Kb6 44. h4
Nd5 45. g5 hxg5 46. hxg5 Bxg5 47. Rxg7 Bf6 48. Rf7 a5 49. Kd3 Bc3 50. Kc4
Nf6 51. Re7 Ng4 52. Kd3 Nf6 53. Kc4 Nd5 54. Rf7 Nc7 55. Rf8 Nd5 56. Rf7 Bb2
57. Rf8 Ba1 58. Rf7 Nf6 59. Rf8 Ne4 60. Kd3 Nc5+ 61. Kc2 Nd7 62. Ra8 c5 63.
Re8 Nf6 64. Rb8+ Kc6 65. Ra8 Nd5 66. Kd3 Kb5 67. Rd8 Ne7 68. Ke4 c4 69.
Rb8+ Kc5 70. bxc4 Kxc4 71. Rb6 Ng8 72. Rc6+ Kb5 73. Rc1 Nf6+ 74. Kd3 Be5
75. Re1 Bc3 76. Re6 Nd7 77. Kc2 Ka4 78. Rd6 Nf6 79. Ra6 Kb5 80. Ra8 Nd5 81.
Kb3 Nb6 82. Rb8 Bd4 83. a4+ Kc6 84. Re8 Kc5 85. Re7 Nd5 86. Ra7 Kb6 87. Ra8
Nc7 88. Rd8 Kc5 89. Rc8 Kd6 90. Rd8+ Ke5 91. f6 Ne6 92. f7 Bc5 93. Rd7 Kf6
94. Kc4 Be7 95. Ra7 Kxf7 96. Rxa5 Nd8 97. Rb5 Nc6 98. Kd5 Na7 99. Rb8 b3
100. Rxb3 Ke8 101. Rb8+ Bd8 102. Ra8 Kd7 103. Rxa7+ Kc8 104. Kc6 Kb8 105.
Rh7 Ba5 106. Kb5 Bd8 107. a5 Kc8 108. a6 Kb8 109. Rh8 Ka7 110. Rh7+ Kb8
111. a7+ Ka8 112. Rh8 1-0

[Event "98th ch-GBR"]
[Site "Sheffield ENG"]
[Date "2011.07.25"]
[Round "1"]
[White "Hegarty,S"]
[Black "Dargan,P"]
[Result "1/2-1/2"]
[WhiteElo "2065"]
[BlackElo "2151"]
[EventDate "2011.07.25"]

1. e4 c5 2. Nf3 Nc6 3. d4 cxd4 4. Nxd4 Nf6 5. Nc3 e5 6. Ndb5 d6 7. Bg5 a6
8. Na3 b5 9. Nd5 Be7 10. Bxf6 Bxf6 11. c4 Ne7 12. Nxf6+ gxf6 13. cxb5 O-O
14. bxa6 Bxa6 15. Bxa6 Qa5+ 16. Kf1 Qxa6+ 17. Qe2 Rfb8 18. Qxa6 Rxa6 19.
Nc4 Rb4 20. b3 Rxb3 21. Nxd6 Rc3 22. Nf5 Nxf5 23. exf5 Rb6 24. g4 Rb2 25.
Kg2 Ra3 26. Rhb1 Rxb1 27. Rxb1 Rxa2 28. Rb4 Kg7 29. h4 h6 30. Re4 Rb2
1/2-1/2

[Event "98th ch-GBR"]
[Site "Sheffield ENG"]
[Date "2011.07.25"]
[Round "1"]
[White "Surtees,M"]
[Black "Lenier,J"]
[Result "1/2-1/2"]
[WhiteElo "2151"]
[BlackElo "2065"]
[EventDate "2011.07.25"]

1. e4 e5 2. a3 Nf6 3. d3 d5 4. exd5 Nxd5 5. g3 Nc6 6. Bg2 Be6 7. b4 Qd7 8.
Bb2 O-O-O 9. Nf3 Bh3 10. O-O Nf4 11. Bxh3 Nxh3+ 12. Kg2 e4 13. Ne1 h5 14.
Nd2 Ng5 15. f4 h4 16. g4 e3 17. Nc4 Nd4 18. Bxd4 Qxd4 19. fxg5 e2 20. Qxe2
h3+ 21. Kh1 Qxa1 22. Rxf7 Qd4 23. Qe6+ Kb8 24. Qe5 Qxe5 25. Nxe5 Bd6 26.
N5f3 Rhf8 27. Rxg7 Rde8 28. Kg1 Be5 29. Rh7 Bc3 30. Rxh3 Bxe1 31. g6 Bc3
32. Kf2 Bd4+ 33. Kf1 Re3 34. Kg2 Re2+ 35. Kg3 Bf2+ 36. Kg2 Be3+ 37. Kh1 Bd4
38. Rg3 Be5 39. Nxe5 Rxe5 40. h4 Kc8 41. Kh2 Kd7 42. h5 Rg5 43. Kh3 Rh8 44.
Rf3 Rxg6 45. Rf7+ Kd8 46. Kh4 Rd6 47. Rf4 Ke7 48. g5 Rhd8 49. Re4+ Kf8 50.
Kg4 Rd4 51. Kf5 R8d5+ 52. Kf6 Rxe4 53. dxe4 Rd6+ 54. Kf5 Rd1 55. e5 Rf1+
56. Kg6 Kg8 57. e6 Re1 58. Kf6 Kh7 59. e7 Rf1+ 60. Ke6 Re1+ 61. Kd7 Rd1+
62. Kxc7 Re1 63. Kd7 Rd1+ 64. Kc7 Re1 65. Kxb7 Rxe7+ 66. Kb8 Re3 67. a4 Re4
68. c3 a5 69. Kc7 1/2-1/2

[Event "98th ch-GBR"]
[Site "Sheffield ENG"]
[Date "2011.07.25"]
[Round "1"]
[White "Jenks,C"]
[Black "Rabbitte,L"]
[Result "1/2-1/2"]
[WhiteElo "2146"]
[BlackElo "2034"]
[EventDate "2011.07.25"]

1. c4 e5 2. g3 h5 3. h4 Nc6 4. Bg2 Bc5 5. Nc3 d6 6. a3 a5 7. Rb1 Nge7 8.
Nd5 Nxd5 9. cxd5 Ne7 10. b4 axb4 11. axb4 Bb6 12. Bb2 Bg4 13. d4 f6 14. Qd3
Ra4 15. Qb3 Qa8 16. Kf1 exd4 17. Be4 Kf7 18. Nf3 Re8 19. Bd3 Bf5 20. Bb5
Bxb1 21. Bxa4 Rd8 22. Bxd4 Bxd4 23. Nxd4 Be4 24. f3 Bxd5 25. Qd1 c5 26. Nf5
Nxf5 27. Qxd5+ Kf8 28. Qxf5 Qxa4 29. Qxh5 Re8 30. Kf2 Qxb4 31. Rd1 Qb5 32.
Qh8+ Kf7 33. Qh5+ Kf8 34. Qh8+ Kf7 35. Qh5+ Kf8 36. Qh8+ 1/2-1/2

[Event "98th ch-GBR"]
[Site "Sheffield ENG"]
[Date "2011.07.25"]
[Round "1"]
[White "Yap,J"]
[Black "MacQueen,C"]
[Result "1-0"]
[WhiteElo "2029"]
[BlackElo "2139"]
[EventDate "2011.07.25"]

1. e4 g6 2. d4 Bg7 3. f4 d6 4. Nf3 Nf6 5. Bd3 c5 6. c3 O-O 7. O-O cxd4 8.
cxd4 Nc6 9. Nc3 e5 10. d5 Nb4 11. fxe5 Ng4 12. exd6 Qb6+ 13. Kh1 Nf2+ 14.
Rxf2 Qxf2 15. Bb5 Bg4 16. Bd2 Bxf3 17. gxf3 Nc2 18. Rc1 Nd4 19. Be1 Qxf3+
20. Qxf3 Nxf3 21. Na4 Nxe1 22. Rxe1 Be5 23. d7 a6 24. Bf1 Rfd8 25. Bh3 Kf8
26. Nb6 Rab8 27. Nc4 Bg7 28. e5 Ke7 29. d6+ Kf8 30. Nb6 Bh6 31. Re2 Bg5 32.
Kg2 Kg7 33. Kf3 Rf8 34. Rc2 Bd8 35. Nd5 Bg5 36. Rc8 Rd8 37. Nc7 Bc1 38.
Ne8+ Kf8 39. Rxc1 1-0

[Event "98th ch-GBR"]
[Site "Sheffield ENG"]
[Date "2011.07.25"]
[Round "1"]
[White "Brown,Mart"]
[Black "Krzyzanowski,P"]
[Result "1-0"]
[WhiteElo "2130"]
[BlackElo "1996"]
[EventDate "2011.07.25"]

1. e4 c5 2. Nf3 g6 3. d4 cxd4 4. Nxd4 Nc6 5. c4 Nf6 6. Nc3 d6 7. Nc2 Bg7 8.
Be2 O-O 9. O-O Be6 10. Bd2 Qc8 11. Rc1 Rd8 12. f4 Bg4 13. h3 Bxe2 14. Qxe2
b6 15. b4 e6 16. Qf2 Qb7 17. Rcd1 a5 18. a3 axb4 19. axb4 b5 20. cxb5 Na7
21. Qe2 Nxe4 22. Nxe4 Nxb5 23. Qf3 Rab8 24. Be3 Nc3 25. Nxc3 Bxc3 26. Qxb7
Rxb7 27. Rd3 Bf6 28. Bd4 Be7 29. Rb3 Rc8 30. Na3 f6 31. Be3 d5 32. Rfb1 Ra8
33. Nc2 e5 34. Bc5 Bd8 35. fxe5 fxe5 36. Ne3 d4 37. Nc4 Bf6 38. Re1 Rb5 39.
Nxe5 Re8 40. Nf3 Reb8 41. Rd3 1-0

[Event "98th ch-GBR"]
[Site "Sheffield ENG"]
[Date "2011.07.25"]
[Round "1"]
[White "Waterfield,J"]
[Black "Jaunooby,A"]
[Result "0-1"]
[WhiteElo "1992"]
[BlackElo "2130"]
[EventDate "2011.07.25"]

1. e4 d5 2. exd5 Nf6 3. Nf3 Nxd5 4. d4 Bg4 5. c4 Nb6 6. h3 Bh5 7. Nc3 e6 8.
Be3 Be7 9. g4 Bg6 10. Ne5 N8d7 11. Nxg6 hxg6 12. Qe2 c5 13. Bg2 cxd4 14.
Bxd4 Rc8 15. Rd1 Nxc4 16. Bxb7 Rc7 17. Ba6 Qa8 18. Qe4 Qxe4+ 19. Nxe4 f5
20. Rc1 e5 21. Bxc4 exd4 22. Bf7+ Kd8 23. Rxc7 Kxc7 24. Ng3 Ne5 25. Be6
Nd3+ 26. Kf1 fxg4 27. Bxg4 Rf8 28. Ne4 Bh4 29. Ke2 Nxf2 30. Rf1 d3+ 0-1